[Event "GRE-ch U20"]
[Site "Chania"]
[Date "2003.04.22"]
[Round "4"]
[White "Panagiotopoulos, Orestis"]
[Black "Margaritis, Fotis"]
[Result "1-0"]
[WhiteElo "2120"]
[BlackElo "2065"]
[PlyCount "83"]
[EventDate "2003.04.??"]
[EventType "swiss"]
[EventRounds "7"]
[EventCountry "GRE"]
[SourceTitle "EXT 2005"]
[Source "ChessBase"]
[SourceDate "2004.11.15"]
[SourceVersion "1"]
[SourceVersionDate "2004.11.15"]
[SourceQuality "1"]

1. e4 g6 2. d4 Bg7 3. Nc3 d6 4. Be3 a6 5. f4 Nd7 6. Be2 b5 7. Bf3 c5 8. e5 Rb8 9. Nge2 Nh6 10. dxc5 dxc5 11. Ne4 Qc7 12. 0-0 Bb7 13. N2g3 Nf5 14. Nxf5 gxf5 15. Ng3 e6 16. Nh5 Bf8 17. Qe2 Rg8 18. Rad1 Be7 19. Bf2 Rg6 20. Kh1 Nb6 21. c3 Nd5 22. Qe1 Kd7 23. Bh4 Rbg8 24. Bxe7 Kxe7 25. Rd2 Kf8 26. Qf2 Qe7 27. Rfd1 Qc7 28. Nf6 Nxf6 29. exf6 Rxf6 30. Rd7 Bxf3 31. Rxc7 Bxd1 32. Qxc5+ Kg7 33. Rc8 Bc2 34. Rxg8+ Kxg8 35. Qc8+ Kg7 36. Qxa6 e5 37. Qxb5 exf4 38. Qe5 Be4 39. Kg1 f3 40. gxf3 Bxf3 41. h4 Kg6 42. Qf4 1-0

[Event "GRE-ch U20"]
[Site "Greece"]
[Date "2002.04.29"]
[Round "4.4"]
[White "Margaritis, Fotis"]
[Black "Panagiotopoulos, Orestis"]
[Result "0-1"]
[WhiteElo "2045"]
[BlackElo "2100"]
[PlyCount "74"]
[EventDate "2002.??.??"]
[EventType "swiss"]
[EventRounds "6"]
[EventCountry "GRE"]
[SourceTitle "EXT 2004"]
[Source "ChessBase"]
[SourceDate "2003.11.25"]
[SourceVersion "1"]
[SourceVersionDate "2003.11.25"]
[SourceQuality "1"]

1. e4 c5 2. Nc3 Nc6 3. Bb5 Nd4 4. Bc4 g6 5. Nf3 Bg7 6. Nxd4 cxd4 7. Qf3 Nh6 8. d3 0-0 9. Nd5 e6 10. Bxh6 Bxh6 11. Nf6+ Kg7 12. e5 Qa5+ 13. Kf1 Qxe5 14. Ng4 Qf4 15. Qe2 f5 16. Nxh6 Kxh6 17. g3 Qd6 18. h4 b5 19. Bb3 Bb7 20. Rh2 f4 21. Qd2 Kg7 22. g4 Bf3 23. g5 Rf5 24. a4 b4 25. a5 Re5 26. Re1 Rxa5 27. c3 bxc3 28. bxc3 Re5 29. cxd4 Rxe1+ 30. Qxe1 Qxd4 31. Bc4 Rb8 32. h5 gxh5 33. Rh3 Bg4 34. Rh2 d5 35. Ba6 Rb6 36. Bc8 Qxd3+ 37. Kg2 Qe4+ 0-1

[Event "GRE-ch U20"]
[Site "Greece"]
[Date "2002.??.??"]
[Round "6.1"]
[White "Panagiotopoulos, Orestis"]
[Black "Mastrovasilis, Dimitrios"]
[Result "0-1"]
[WhiteElo "2134"]
[BlackElo "2451"]
[PlyCount "114"]
[EventDate "2002.??.??"]
[EventType "swiss"]
[EventRounds "6"]
[EventCountry "GRE"]
[SourceTitle "EXT 2004"]
[Source "ChessBase"]
[SourceDate "2003.11.25"]
[SourceVersion "1"]
[SourceVersionDate "2003.11.25"]
[SourceQuality "1"]

1. e4 e5 2. d4 exd4 3. Qxd4 Nc6 4. Qe3 Nf6 5. Nc3 Be7 6. Bd2 d5 7. exd5 Nxd5 8. Qg3 Ncb4 9. Nxd5 Qxd5 10. Qxg7 Qe6+ 11. Kd1 Bf6 12. Qh6 Nd5 13. c4 Bxb2 14. Qxe6+ fxe6 15. Rb1 Nc3+ 16. Bxc3 Bxc3 17. Bd3 Bd7 18. Be4 Rd8 19. Ke2 b6 20. Rb3 Bf6 21. Nf3 Ke7 22. Ra3 a5 23. g4 h6 24. Rg1 Bc8 25. Rd3 Ba6 26. Rxd8 Rxd8 27. Bd3 Bb7 28. Nd2 Bg5 29. Rd1 Bf4 30. h4 a4 31. Ne4 Rd4 32. Nc3 Be5 33. f3 Bf6 34. h5 Ba6 35. Nb5 Rd7 36. f4 c6 37. Na3 Rd4 38. Kf3 b5 39. Nc2 Rd8 40. Nb4 Bb7 41. Ke2 c5 42. Nc2 bxc4 43. Bxc4 Bf3+ 44. Kxf3 Rxd1 45. Ne3 Rc1 46. Bb5 a3 47. Nc4 Rc2 48. g5 hxg5 49. fxg5 Bxg5 50. Nxa3 Rc3+ 51. Kg4 Rxa3 52. Kxg5 Rxa2 53. Kg6 Rg2+ 54. Kh7 Kf6 55. Bd3 Rh2 56. Bg6 c4 57. Kg8 c3 0-1

[Event "Korinthos op 5th"]
[Site "Korinthos"]
[Date "2001.07.31"]
[Round "4"]
[White "Panagiotopoulos, Orestis"]
[Black "Nikolaidis, Ioannis"]
[Result "0-1"]
[WhiteElo "2170"]
[BlackElo "2531"]
[PlyCount "50"]
[EventDate "2001.07.28"]
[EventType "swiss"]
[EventRounds "9"]
[EventCountry "GRE"]
[SourceTitle "EXT 2002"]
[Source "ChessBase"]
[SourceDate "2001.11.25"]
[SourceVersion "1"]
[SourceVersionDate "2001.11.25"]
[SourceQuality "1"]

1. e4 g6 2. d4 Bg7 3. Nc3 d6 4. Nf3 a6 5. Be3 Nd7 6. Qd2 e6 7. h4 h6 8. Be2 Ngf6 9. d5 e5 10. Nh2 b5 11. f3 Nh5 12. Nf1 Nf4 13. Rh2 Nb6 14. b3 f5 15. g3 Nxe2 16. Nxe2 fxe4 17. fxe4 Nd7 18. a4 Nf6 19. axb5 Nxe4 20. Qb4 Nf6 21. bxa6 0-0 22. Qc4 Ng4 23. Rh1 Rxf1+ 24. Rxf1 Nxe3 25. Qc6 Bd7 0-1

[Event "Chania op 10th"]
[Site "Chania"]
[Date "2000.08.08"]
[Round "7"]
[White "Panagiotopoulos, Orestis"]
[Black "Goritsas, Christos"]
[Result "0-1"]
[WhiteElo "2078"]
[BlackElo "2206"]
[PlyCount "76"]
[EventDate "2000.08.03"]
[EventType "swiss"]
[EventRounds "9"]
[EventCountry "GRE"]
[SourceTitle "EXT 2001"]
[Source "ChessBase"]
[SourceDate "2000.11.22"]
[SourceVersion "1"]
[SourceVersionDate "2000.11.22"]
[SourceQuality "1"]

1. e4 d5 2. exd5 Qxd5 3. Nc3 Qa5 4. d4 c6 5. Nf3 Nf6 6. Bc4 Bf5 7. Bd2 e6 8. Qe2 Bb4 9. Ne5 Nbd7 10. Nxd7 Nxd7 11. 0-0-0 Nf6 12. f3 0-0-0 13. g4 Bg6 14. h4 h5 15. g5 Nd5 16. Ne4 Bxd2+ 17. Qxd2 Qxd2+ 18. Rxd2 Nf4 19. Re1 b6 20. c3 Rd7 21. b4 Rhd8 22. Bf1 Kc7 23. a4 Bxe4 24. fxe4 e5 25. Red1 f6 26. b5 Rd6 27. gxf6 gxf6 28. bxc6 Rxc6 29. Kb2 Rcd6 30. Bb5 Ne6 31. Bc4 Nc5 32. Bd5 exd4 33. cxd4 Nxa4+ 34. Kb3 b5 35. Kb4 f5 36. Bf7 fxe4 37. Bxh5 Kb6 38. Be2 e3 0-1

[Event "Chania op 10th"]
[Site "Chania"]
[Date "2000.08.07"]
[Round "6"]
[White "Shavtvaladze, Nikoloz"]
[Black "Panagiotopoulos, Orestis"]
[Result "1-0"]
[WhiteElo "2314"]
[BlackElo "2078"]
[PlyCount "105"]
[EventDate "2000.08.03"]
[EventType "swiss"]
[EventRounds "9"]
[EventCountry "GRE"]
[SourceTitle "EXT 2001"]
[Source "ChessBase"]
[SourceDate "2000.11.22"]
[SourceVersion "1"]
[SourceVersionDate "2000.11.22"]
[SourceQuality "1"]

1. e4 c5 2. Nf3 Nc6 3. d4 cxd4 4. Nxd4 Qc7 5. Nc3 e6 6. Be2 a6 7. Be3 Nf6 8. 0-0 Bb4 9. Na4 Be7 10. Nxc6 bxc6 11. Nb6 Rb8 12. Nxc8 Qxc8 13. e5 Nd5 14. Bc1 Bc5 15. c4 Ne7 16. b3 Qc7 17. Bb2 d6 18. exd6 Bxd6 19. h3 Be5 20. Qc2 c5 21. Rfe1 Bxb2 22. Qxb2 0-0 23. Bf3 Nf5 24. Qc3 Nd4 25. Rad1 Rfd8 26. g3 a5 27. Kg2 h6 28. h4 a4 29. bxa4 Rb4 30. Rb1 Rxa4 31. Rb2 Qa7 32. Qd2 Rb8 33. Reb1 Rxb2 34. Rxb2 Nxf3 35. Qd8+ Kh7 36. Kxf3 Rxa2 37. Rb8 Qa3+ 38. Kg4 h5+ 39. Kxh5 Qf3+ 40. g4 g6+ 41. Kg5 f6+ 42. Qxf6 Qxf6+ 43. Kxf6 Rxf2+ 44. Kg5 Rf7 45. Re8 Rd7 46. Rxe6 Rd4 47. Rxg6 Rxc4 48. Rc6 Kg8 49. Rc7 Kf8 50. h5 Rc1 51. h6 Ke8 52. h7 Kd8 53. Ra7 1-0